000 00372nam a2200133Ia 4500
005 20260326100032.0
008 260326s9999||||xx |||||||||||||| ||und||
100 _aCossio del Pomar, Felipe
245 0 _aCritica del Arte :
_b de BaudelAire a Malraux /
_cFelipe Cossio del Pomar
260 _bFondo de Cultura Económica
300 _a435 p.
650 _aARTE
942 _cBK
999 _c6648
_d6648